000 00559aas a2200169 4500
999 _c50509
_d50509
001 768714001
003 CO-MdFUSB
005 20170923103531.0
008 170912s1994 cr ||||| |||| 00| 0 spa d
040 _aCO-MdFUSB
_bspa
_cCO-MdFUSB
_dCO-MdFUSB
041 _aspa
100 1 _aPugliese, Ricardo M.
_eautor
245 1 0 _aForjador de vencedores
_c/ Pugliese, Ricardo M.
300 _aVolumen 3. Número 5 (1994), páginas 76-77
_c: 28 cm.
773 0 _tConquista Cristiana
_049446
_960317
_gVolumen 3. Número 5 (1994), páginas 76-77
_qPágina 76.
942 _cANA